2. Kültür Kongresi (Record no. 4286)

MARC details
000 -BAŞLIK
Sabit Uzunlukta Kontrol Alanı 00813na a2200253 4500
001 - KONTROL NUMARASI
Denetim Alanı 13128
003 - KONTROL NUMARASI IDENTIFIER
Denetim Alanı MIRAKIL
005 - SON İŞLEM TARİHİ VE ZAMANI
Denetim Alanı 20181213155000.0
008 - SABİT-BOY VERİ ELEMANLARI - GENEL BİLGİLER
Sabit Uzunlukta Kontrol Alanı 160929b tu 000 0
020 ## - ULUSLARARASI STANDART KİTAP NUMARASI
Uluslararası Standart Kitap Numarası 9757363588
035 ## - SİSTEM KONTROL NUMARASI
Sistem Kontrol Numarası 13128
040 ## - KATALOGLAMA KAYNAK
Orijinal Kataloglama Ajansı Milas
Kataloglama Dili tur
Metne Dönüştürmek Ajansı TR-AnCHP
082 ## - DEWEY ONLU SINIFLANDIRMA NUMARASI
Sınıflandırma Numarası 302.12
Ürün Numarası K94i 2006
090 ## - SINIFLAMA NUMARASI
Sınıflama Numarası 302.12 K942 2006
111 ## - ANA GİRİŞ - TOPLANTI ADI
Giriş Elemanı Olarak Toplantı Adı Veya Yargı Alanı Adı Kültür Kongresi
Toplantının Yeri İzmir
Toplantı Veya Antlaşma İmzalandığı Tarihi 2000
Bölüm / Bölüm / Toplantı Sayısı 2
245 ## - BAŞLIK TABLOSU
Başlık 2. Kültür Kongresi
Başlığın Kalan barış kültürü
-- 16 - 18 Ekim 2000, İzmir
Sorumluluk Tablosu, Vb yayıma hazırlayan Melda Bağdatlı
260 ## - YAYIN, DAĞITIM, VB
Yayın, Dağıtım, Vb Yeri İstanbul
Yayıncı, Dağıtıcı, Vs Adı İstanbul Kültür Sanat Vakfı
Yayın, Dağıtım, Vb Tarihi 2006
300 ## - FİZİKSEL TANIM
Kapsam 308 s.
Boyutlar 24 sm.
650 ## - KONU KATMA GİRİŞ - TOPİKAL DÖNEM
Topikal Süreli Veya Coğrafi Ad Giriş Elemanı Kültür kongreleri
Genel Alt Bölümü Toplumsal anlayış
650 ## - KONU KATMA GİRİŞ - TOPİKAL DÖNEM
Topikal Süreli Veya Coğrafi Ad Giriş Elemanı Toplumsal yaşam
Genel Alt Bölümü Barış
Kronolojik Alt Bölümü Toplantılar
650 ## - KONU KATMA GİRİŞ - TOPİKAL DÖNEM
Topikal Süreli Veya Coğrafi Ad Giriş Elemanı Barış kültürü
Genel Alt Bölümü Türkiye
700 ## - KATMA GİRİŞ - KİŞİSEL İSİM
Kişisel Ad Bağdatlı, Melda
942 ## - EKLENDİ GİRİŞ ELEMANLARI (KOHA)
Sınıflandırma Veya Raf Düzeni Kaynak Dewey Decimal Classification
Koha Öğesi Türü Books
999 ## - SİSTEM KONTROL NUMARALARI (KOHA)
Koha Biblionumber 4286
Koha Biblioitemnumber 4286
Holdings
Kalıcı Konum Mevcut Konum Edinme Tarihi Edinim Kaynak Toplam Check-Out'Lar Tam Çağrı Numarası Barkod Tarih Son Görülme İtibaren Geçerli Fiyatlar Koha Öğesi Türü
CHP Kütüphanesi CHP Kütüphanesi 08/08/2016 Bağış   302.12 K942 2006 000655 08/08/2016 08/08/2016 Books